00547nai a2200157Ia 4500003000900000008004100009022002200050022002300072040001600095245005300111260003400164310001200198362002600210521006900236856008400305IN-BaIIA211028c9999 xx s 000 0 eng d a1672-9072 (Print) a1744-7909 (Online) cIIA Library 0aJournal Of Integrative Plant Biologyh[eJournal] aNew JerseybJohn Wiley & Sons aMonthly a47(1); 2005 - Present bSubscribed through National Knowledge Resource Consortium (NKRC) uhttps://onlinelibrary.wiley.com/journal/17447909yClick Here to Access eJournal